| 000 | 00731nam a2200277Ia 4500 | ||
|---|---|---|---|
| 008 | 171025s9999 xx 000 0 und d | ||
| 020 | _a9780792253808 | ||
| 050 | _a551.46 | ||
| 050 | _bF799 2008 | ||
| 100 | _aFradin, Judy | ||
| 245 | _aWitness to disaster : | ||
| 245 | _bTsunamis / | ||
| 245 | _cby Judy Bloom Fradin and Dennis B. Fradin. | ||
| 260 | _aUSA : | ||
| 260 | _bNational Geographic, | ||
| 260 | _c2008 | ||
| 300 | _a48 pages : | ||
| 300 | _bcolored illustrations ; | ||
| 300 | _c26cm. | ||
| 500 | _aIncludes glossary, bibliographic reference and index. | ||
| 650 | _aOcean waves. | ||
| 650 | _aTsunami -- | ||
| 650 | _xNatural disasters. | ||
| 700 | _aFradin, Dennis B. | ||
| 700 | _aTitle. | ||
| 999 |
_c344781 _d344781 |
||